Mathematik für Wirtschaftsinformatiker

Na minha lista:
Detalhes bibliográficos
Autor principal: Dorninger, Dietmar
Outros Autores: Karigl, Günter
Formato: Livro
Idioma:alemão
Publicado em: Wien Springer 1988
Edição:1. Aufl.
Tags: Adicionar Tag
Sem tags, seja o primeiro a adicionar uma tag!

MARC

LEADER 00000nam a2200000 4500
001 c032556
005 20221219111557.6
041 0 |a ger 
044 |a AT 
245 1 0 |a Mathematik für Wirtschaftsinformatiker  |c Dietmar Dorninger, Günter Karigl 
250 |a 1. Aufl. 
264 1 |a Wien  |b Springer  |c 1988 
300 |a 222 s. 
100 1 |a Dorninger, Dietmar 
700 1 |a Karigl, Günter